000 00308nam a22001217a 4500
008 180425b xxu||||| |||| 00| 0 eng d
041 _aeng
080 _a043.3
100 _a0
101 _aMEK-MTH
245 _aAnalysis and Rationalization of Logistic Processes within Company X
_cBula,I
942 _2udc
_cBK
999 _c45548
_d45548